| 000 | 00922nas a2200313 4500 | ||
|---|---|---|---|
| 001 | BR0105273 | ||
| 003 | BR-BrBNA | ||
| 005 | 20231205102556.0 | ||
| 007 | ta | ||
| 008 | 230509b bl.|||p| |||| 00| 00por d | ||
| 040 |
_aBR-BrBNA _bpor _cBiblioteca Nacional de Agricultura |
||
| 041 | _a(Pt) | ||
| 072 | _aF62; F63 | ||
| 100 | 1 | _aMendonca, V. | |
| 100 | 1 | _aA. Neto, S.E. de | |
| 100 | 1 | _aHafle, O.M. | |
| 100 | 1 | _aMenezes, J.B. | |
| 100 | 1 | _aRamos, J.D. | |
| 245 | 1 | _aFlorescimento e frutificacao de mangueira com uso de paclobutrazol, ethephon e nitrato de calcio | |
| 650 | _aManga | ||
| 650 | _aFloracao | ||
| 650 | _aFrutificacao | ||
| 650 | _aCalcio | ||
| 650 | _aInducao | ||
| 650 | _aRio Grande do Norte | ||
| 773 | 0 |
_tRevista Brasileira de Fruticultura (Brazil) _xISSN 0100-2945 _g(Aug 2001), v. 23(2) p. 265-269 _wBR0105273 |
|
| 909 |
_a202311 _bLúcia _c55 _dLúcia Elande |
||
| 942 |
_2AGRIS _n0 _cANA |
||
| 999 |
_c168248 _d168248 |
||